[Event "Novi Sad op-B"]
[Site "Novi Sad"]
[Date "2006.03.??"]
[Round "?"]
[White "Van Hoolandt, Patrick"]
[Black "Pastor, Sandor"]
[Result "1/2-1/2"]
[WhiteElo "2174"]
[BlackElo "2200"]
[PlyCount "108"]
[EventDate "2006.03.??"]
[EventType "swiss"]
[EventRounds "7"]
[EventCountry "YUG"]
[SourceTitle "CBM 111 Extra"]
[Source "ChessBase"]
[SourceDate "2006.05.09"]
[SourceVersion "1"]
[SourceVersionDate "2006.05.09"]
[SourceQuality "1"]

1. d4 d5 2. c4 c6 3. cxd5 cxd5 4. Nf3 Nf6 5. Nc3 e6 6. Bf4 Bd6 7. Bg3 Ne4 8. Bxd6 Qxd6 9. Rc1 0-0 10. e3 f5 11. Bd3 Nc6 12. a3 Bd7 13. b4 Rac8 14. Qb3 Nxc3 15. Rxc3 Ne7 16. Ne5 Ba4 17. Qb2 Rxc3 18. Qxc3 Rc8 19. Qb2 Qc7 20. Kd2 Ng6 21. Rc1 Qxc1+ 22. Qxc1 Rxc1 23. Kxc1 Nxe5 24. dxe5 g5 25. Kd2 Kg7 26. Kc3 Be8 27. Kd4 Kf7 28. g4 fxg4 29. Bxh7 Kg7 30. Bd3 b6 31. Be2 Bh5 32. Ba6 Bg6 33. Bc8 Bf5 34. Ba6 Kg6 35. Be2 Kh5 36. h3 Kh4 37. hxg4 Bxg4 38. f3 Bh5 39. e4 dxe4 40. Kxe4 Kg3 41. Ke3 Kg2 42. Bd1 Kg3 43. a4 Be8 44. a5 Bh5 45. axb6 axb6 46. Be2 Be8 47. Bc4 Bf7 48. Bb3 Bg8 49. Bc2 Bf7 50. Bh7 Be8 51. Be4 Ba4 52. Bb7 Bb3 53. Bc6 Ba2 54. Be4 Bb3 1/2-1/2